| 000 | 01069nam a2200337Ia 4500 | ||
|---|---|---|---|
| 001 | dia_1181 | ||
| 003 | CHAP | ||
| 005 | 20230130105214.0 | ||
| 008 | 220117s1971 xx 000 0 und d | ||
| 010 | _a171728 | ||
| 020 | _a1-07-091520-2 | ||
| 040 | _cCHAP | ||
| 082 | _a515.3 A97 1971 | ||
| 100 |
_aAyres, Frank _99021 |
||
| 245 |
_aTeoría y problemas de cálculo diferencial e integral / _c Frank Ayres, Jr. ; traducción Luis Gutiérrez Díez y Angel Gutiérrez Vázquez |
||
| 260 |
_aMéxico : _b McGraw-Hill, _c1971 |
||
| 300 | _a345 p. | ||
| 400 | _aSERIE SCHAUM | ||
| 440 |
_aCompendios Schaum _926089 |
||
| 500 | _aTítulo original: Calculus | ||
| 503 | _aC/e y D. (ej. 6) | ||
| 590 | _aQA301 A97 1971 | ||
| 650 |
_aCálculo diferencial _923993 |
||
| 650 |
_aCálculo integral _923995 |
||
| 700 |
_aGutiérrez Díez, Luis, tr. _9150216 |
||
| 700 |
_aGutiérrez Vázquez, Angel, tr. _9150217 |
||
| 901 | _a515.3 A97 1971 | ||
| 902 | _aM | ||
| 905 | _a5232271971 MX am 8222223322SPA16 | ||
| 942 |
_cLIBRO _2ddc |
||
| 999 |
_c171728 _d171728 |
||